000 00372nam a2200157 4500
008 190319s2003||||xo d
245 1 0 _aUcitelom - humanistom
250 _a2. vydanie
100 1 _aBeno Matej
_9971
260 _bEko-konzult
_aBratislava
_c2003
300 _a151 s.
020 _a80-89044-75-1
_c0
041 1 _aslo
044 _axo
_cSK
958 _aAPR
999 _c22232
_d22232